000 00224 a2200097 4500
001 14183
100 _aBirley
245 _athe education officer and his world
260 _aLondon
_bRoutledge Kegan
_c
090 _c11127
_d11127
942 _aNUST-CAE
_cM
_c1256
999 _c249256
_d249256